| 000 | 00843mam a2200253 a 4500 | ||
|---|---|---|---|
| 008 | |||
| 020 | _a1900603675(pbk.) | ||
| 049 | _aMAIN | ||
| 090 |
_aR727.5 _bNEI |
||
| 100 | 1 | _aNeighbour, Roger. | |
| 245 | 1 | 4 |
_aThe inner consultation : _bhow to develop an effective and intuitive consulting style / _cRoger Neighbour ; with cartoons by Patrick Reade. |
| 260 |
_aLancaster : _bMTP Press, _cc1987. |
||
| 300 |
_axxix, 306 p. : _bill. ; _c24 cm. |
||
| 504 | _aInclude bibliographical references. | ||
| 650 | 0 | _aMedical consultation. | |
| 650 | 0 | _aInterpersonal communication. | |
| 650 | 2 |
_aCommunication _xmethods. |
|
| 650 | 2 | _aPhysician-Patient Relations. | |
| 907 |
_a.b10255928 _b21-09-12 _c20-05-08 |
||
| 003 | |||
| 005 | 20230120204002.0 | ||
| 040 | _cNUST | ||
| 942 |
_cBOOKS _kR727.5 _mNEI |
||
| 999 |
_c115073 _d115073 |
||